000 00256nam a2200109Ia 4500
008 220204s9999 xx 000 0 und d
082 _a82-3
_bGAI
100 _aGaines, Diana
245 0 _aDangerous climate
260 _aNew York
_bBantam
_c1960
942 _cBK
999 _c31033
_d31033